Sněžný měsíc /
Detektivní román odehrávající se mezi obyvateli horských samot v Beskydech.
Uloženo v:
| Série: | Josef Bergman,
část 6 |
|---|---|
| Hlavní autor: | |
| Médium: | E-kniha |
| Jazyk: | Czech |
| Vydáno: |
Praha :
Motto,
2019
|
| Vydání: | Vydání první |
| Témata: | |
| Příbuzné jednotky: | Z cyklu::
Josef Bergman |
| Tagy: |
Žádné tagy |
| LEADER | 02340nam a2200433 i 4500 | ||
|---|---|---|---|
| 001 | 311070 | ||
| 003 | CZ PrSKC | ||
| 005 | 20260601215659.0 | ||
| 007 | ta | ||
| 008 | 190724s2019 xr g 000 f cze | ||
| 015 | |a cnb003119407 | ||
| 020 | |a 9788026720881 |q (soubor 2021) : |c Kč 999,00 | ||
| 020 | |a 978-80-267-1564-1 |q (vázáno) : |c Kč 349,00 | ||
| 035 | |a (OCoLC)1122794125 | ||
| 040 | |a ABG001 |b cze |e rda | ||
| 072 | 7 | |a 821.162.3-3 |x Česká próza |2 Konspekt | |
| 080 | |a 821.162.3-31 |2 MRF | ||
| 080 | |a (0:82-312.4) |2 MRF | ||
| 100 | 1 | |a Klevisová, Michaela, |d 1976- |7 xx0065727 |4 aut | |
| 245 | 1 | 0 | |a Sněžný měsíc / |c Michaela Klevisová |
| 250 | |a Vydání první | ||
| 264 | 1 | |a Praha : |b Motto, |c 2019 | |
| 300 | |a 301 stran ; |c 21 cm | ||
| 336 | |a text |b txt |2 rdacontent | ||
| 337 | |a bez média |b n |2 rdamedia | ||
| 338 | |a svazek |b nc |2 rdacarrier | ||
| 500 | |a Část nákladu distribuována v roce 2021 jako třísvazkový soubor (Zmizela v mlze, Sněžný měsíc, Drak spí) ve společném kartonovém pouzdru; ISBN souboru pouze na krabici | ||
| 520 | 2 | |a Detektivní román odehrávající se mezi obyvateli horských samot v Beskydech. |b V prázdné nemovitosti na okraji Prahy je zavražděna realitní makléřka. Po několika měsících dojde k podobné vraždě i před odlehlou roubenkou v Beskydech. Protože oba případy spojují podobné okolnosti a zavražděné ženy se mohly znát, ujímá se vyšetřování kriminalista Josef Bergman a odjíždí do Beskyd, aby odhalil pachatele, ale vyšetřování mezi místními není jednoduché. | |
| 655 | 7 | |a české romány |7 fd133974 |2 czenas | |
| 655 | 7 | |a detektivní romány |7 fd132010 |2 czenas | |
| 655 | 9 | |a Czech fiction |2 eczenas | |
| 655 | 9 | |a detective novels |2 eczenas | |
| 787 | 0 | 8 | |i Z cyklu: |t Josef Bergman |g 6 |
| 900 | |a ABA001 |b 20 | ||
| 928 | 9 | |a Albatros Media - Motto | |
| 044 | |a xr | ||
| 910 | |a RBIT002 | ||
| 998 | |d 185940 |a https://core.palmknihy.cz/api/books/185940/cover?purqm5 |b https://core.palmknihy.cz/api/books/185940/cover/400?purqm5 |c https://core.palmknihy.cz/api/books/185940/cover/50?purqm5 |e 2027-12-31 |g 272 |i 9788026715641 |j https://core.palmknihy.cz/api/books/185940/preview.epub |k https://core.palmknihy.cz/api/books/185940/preview.pdf |l |q 49 |r 1 |s https://www.palmknihy.cz/kniha/185940 |t ebook |y 2019 |z 0 |v Josef Bergman |w 6 | ||
| 999 | |d 311068 | ||